00282pab a2200085 454500008003600000100002100036245008100057650002500138773003300163180718b xxu||||| |||| 00| 0 eng d aWalter, Robert J aPublic employer's potential liability from negligence in employment decision aEmployer's Liability aPublic Administration Review